000 00591nam a22001937a 4500
003 OSt
008 260625b |||||||| |||| 00| 0 eng d
020 _a9788198942838
082 _a648.1068
_bS53M
100 _aSharma, Prashant
245 _aManagement of Housekeeping Operation
_cSharma, Prashant
260 _aNew Delhi
_bAtal Prakasan
_c2026
300 _avi. 252p.
650 _aHospitality industry Management.
650 _aHospital housekeeping Management.
650 _aHospitals Sanitation Management.
650 _aInstitutional housekeeping Management.
942 _2ddc
_cBK
999 _c52293
_d52293